Kraje Czech graniczące z Polską - Statystyki

Ogólne statystyki
  • Ten quiz został rozwiązany 16 razy
  • Średni wynik to 3 z 5
Statystyki odpowiedzi
Kraj % Poprawnych
Kraj morawsko-śląski
87%
Kraj liberecki
80%
Kraj ołomuniecki
67%
Kraj pardubicki
53%
Kraj hradecki
33%
Nie znaleziono quizów pasujących do podanych kryteriów
Rozkład punktacji
Procent ludzi z każdym wynikiem
Percentyl według liczby udzielonych odpowiedzi
Twoja historia wyników
Nie rozwiązałeś tego quizu